[Event "Open Portugal 2019"]
[Site "Lisboa POR"]
[Date "2019.02.08"]
[Round "8.77"]
[White "Aguiar, Carlos"]
[Black "Jazdanovs, Aleksandrs"]
[Result "0-1"]
[WhiteElo "1822"]
[BlackElo "2100"]
[WhiteFideId "1902571"]
[BlackFideId "11604492"]
[WhiteCountry "POR"]
[BlackCountry "LAT"]
[PlyCount "90"]
[EventDate "2019.02.02"]

1. e4 c5 2. Nf3 d6 3. d4 cxd4 4. Nxd4 Nf6 5. Nc3 a6 6. Bc4 e6 7. Bb3 Nbd7 8. Be3
Nc5 9. f3 Be7 10. Qd2 Qc7 11. O-O O-O 12. Rad1 b5 13. Qf2 Bb7 14. Rd2 Nxb3 15.
Nxb3 d5 16. exd5 Nxd5 17. Nxd5 Bxd5 18. Rfd1 Rac8 19. c3 b4 20. Rc2 Qb8 21. Rdc1
bxc3 22. Rxc3 Bf6 23. Rxc8 Rxc8 24. Rxc8+ Qxc8 25. Qd2 Bxb3 26. axb3 Qc6 27. Kf2
h6 28. Ke1 Qb5 29. Bd4 e5 30. Bc3 Qxb3 31. Qe2 Qb5 32. Qxb5 axb5 33. f4 exf4 34.
Bxf6 gxf6 35. Ke2 Kg7 36. Kf3 f5 37. Kxf4 Kf6 38. Kf3 Ke5 39. Ke3 f4+ 40. Kd3
Kd5 41. Kc3 Kc5 42. h3 f6 43. Kd3 Kb4 44. Kc2 Kc4 45. b3+ Kd4 0-1

[Event "Open Portugal 2019"]
[Site "Lisboa POR"]
[Date "2019.02.08"]
[Round "8.78"]
[White "Elias, Benjamim"]
[Black "Fernández Vallejo, Luis"]
[Result "1/2-1/2"]
[WhiteElo "1819"]
[BlackElo "2063"]
[WhiteFideId "1903578"]
[BlackFideId "2296853"]
[WhiteCountry "POR"]
[BlackCountry "ESP"]
[PlyCount "88"]
[EventDate "2019.02.02"]

1. f4 d5 2. e3 Nf6 3. b3 c5 4. Bb2 Nc6 5. Bb5 Bg4 6. Bxc6+ bxc6 7. Nf3 e6 8. O-O
Be7 9. Qe1 Bxf3 10. Rxf3 O-O 11. d3 Nd7 12. e4 Bf6 13. e5 Be7 14. Nd2 Qe8 15.
Qe2 f5 16. exf6 Bxf6 17. Be5 Bxe5 18. fxe5 Rxf3 19. Nxf3 Qh5 20. Re1 Rf8 21. c3
Nb6 22. d4 c4 23. Nd2 Qxe2 24. Rxe2 Rc8 25. Rf2 c5 26. Nf3 cxb3 27. axb3 c4 28.
b4 Na4 29. Rc2 h6 30. Kf2 Kf7 31. Ke3 Rc7 32. Ng1 Nb6 33. Ra2 Rb7 34. Ra6 Nc8
35. Ne2 Rb6 36. Ra5 a6 37. Rc5 Ne7 38. Rc7 a5 39. bxa5 Ra6 40. Rc5 Nc6 41. h3
Ke7 42. h4 Kd7 43. Rb5 Nxa5 44. Kf4 Ke7 1/2-1/2

[Event "Open Portugal 2019"]
[Site "Lisboa POR"]
[Date "2019.02.08"]
[Round "8.80"]
[White "Myrheim, Håkon"]
[Black "Barros, Luís"]
[Result "1-0"]
[WhiteElo "1993"]
[BlackElo "1751"]
[WhiteFideId "1526820"]
[BlackFideId "23600110"]
[WhiteCountry "NOR"]
[BlackCountry "CPV"]
[PlyCount "151"]
[EventDate "2019.02.02"]

1. e4 c5 2. Nf3 d6 3. d4 cxd4 4. Nxd4 Nf6 5. Nc3 a6 6. h3 g6 7. g4 e6 8. Bg2 Qc7
9. O-O Nc6 10. Be3 Bg7 11. Qd2 O-O 12. Rad1 Ne5 13. b3 Rd8 14. f4 Nc6 15. Nxc6
bxc6 16. Na4 Rb8 17. Bc5 d5 18. e5 Nd7 19. Bd6 Qa7+ 20. Kh1 Rb7 21. Qc3 Nb6 22.
Qa5 Bf8 23. Nc5 Bxd6 24. Nxb7 Qxb7 25. exd6 Rxd6 26. c4 Rd7 27. c5 Na8 28. Qc3
Nc7 29. a4 Qb8 30. Rd4 Qa7 31. Qa5 e5 32. fxe5 Ne6 33. Rd2 Nxc5 34. Qc3 Rb7 35.
b4 Ne6 36. Qxc6 Bd7 37. Qxd5 Rc7 38. b5 axb5 39. axb5 Qb6 40. Rb2 Bc6 41. Qd2
Bxb5 42. Rfb1 Nd4 43. Qf2 Qc5 44. Rd2 Rd7 45. Rbd1 Ne6 46. Qxc5 Nxc5 47. Rd5 Ba4
48. Rxd7 Nxd7 49. Rd4 Bb5 50. Rb4 Bd3 51. Rd4 Nxe5 52. g5 Kg7 53. Rd5 f6 54. h4
h6 55. Ra5 Ng4 56. Ra7+ Kf8 57. Bf3 Ne5 58. gxh6 g5 59. Bd5 Bg6 60. h7 Bxh7 61.
Rxh7 g4 62. Kg2 f5 63. Kg3 Ng6 64. Rf7+ Ke8 65. Rxf5 Ne7 66. Re5 Kd7 67. Bh1 Kd6
68. Re1 Ng6 69. Kxg4 Ne5+ 70. Kf5 Nf7 71. h5 Nh6+ 72. Kg5 Nf7+ 73. Kg6 Nd8 74.
h6 Ne6 75. Rxe6+ Kxe6 76. h7 1-0

[Event "Open Portugal 2019"]
[Site "Lisboa POR"]
[Date "2019.02.08"]
[Round "8.81"]
[White "Næss, Sara"]
[Black "Kocian, Miroslav"]
[Result "1/2-1/2"]
[WhiteElo "1815"]
[BlackElo "1992"]
[WhiteFideId "1516191"]
[BlackFideId "303577"]
[WhiteCountry "NOR"]
[BlackCountry "CZE"]
[PlyCount "80"]
[EventDate "2019.02.02"]

1. e4 d6 2. d4 Nf6 3. Nc3 g6 4. Be3 a6 5. Qd2 b5 6. Bd3 Bb7 7. f3 Nbd7 8. h4 c5
9. dxc5 Nxc5 10. O-O-O Bg7 11. Bh6 Bxh6 12. Qxh6 Qa5 13. Kb1 b4 14. Nce2 Rc8 15.
Nh3 Nxd3 16. Rxd3 Qc5 17. Rc1 a5 18. Qe3 h5 19. c3 Qxe3 20. Rxe3 O-O 21. cxb4
axb4 22. Nhf4 Ba6 23. Nd5 Nxd5 24. exd5 Bc4 25. Rxe7 Bxd5 26. Rxc8 Rxc8 27. Nf4
Bc6 28. Nd3 Kf8 29. Ra7 b3 30. axb3 Rb8 31. Kc2 Bb5 32. Ra3 Ke7 33. Kc3 Kf6 34.
Kd4 g5 35. hxg5+ Kxg5 36. g3 f5 37. Nf4 h4 38. Nh3+ Kh5 39. Nf4+ Kg5 40. Nh3+
Kh5 1/2-1/2

[Event "Open Portugal 2019"]
[Site "Lisboa POR"]
[Date "2019.02.08"]
[Round "8.82"]
[White "Elias, Rúben"]
[Black "Bouton, Christophe"]
[Result "1-0"]
[WhiteElo "1797"]
[BlackElo "1988"]
[WhiteFideId "1906453"]
[BlackFideId "603813"]
[WhiteCountry "POR"]
[BlackCountry "FRA"]
[PlyCount "109"]
[EventDate "2019.02.02"]

1. e4 c6 2. d4 d5 3. Nc3 dxe4 4. Nxe4 Nf6 5. Nxf6+ exf6 6. Nf3 Bd6 7. Bd3 O-O 8.
O-O Bg4 9. h3 Bh5 10. Re1 Nd7 11. Be3 Re8 12. Be2 Bg6 13. Qd2 f5 14. Bf4 Nf6 15.
Rad1 Ne4 16. Qc1 Bxf4 17. Qxf4 Qb6 18. Qc1 Rad8 19. c3 Re7 20. Ne5 Rde8 21. Nc4
Qc7 22. Bf3 Nf6 23. Rxe7 Rxe7 24. Re1 Bh5 25. Bxh5 Nxh5 26. Rxe7 Qxe7 27. Qe3
Kf8 28. Qxe7+ Kxe7 29. Na5 Nf4 30. Nxb7 Nd3 31. b3 Nc1 32. Kf1 Nxa2 33. c4 Nc1
34. Nc5 Kd6 35. Ke1 Kc7 36. Kd2 Na2 37. Nd3 a5 38. Kc2 Kd6 39. Kb2 Nb4 40. Nxb4
axb4 41. Kc2 g5 42. Kd3 h5 43. Ke3 Ke6 44. g3 f6 45. h4 Kd6 46. f4 gxh4 47. gxh4
Kd7 48. c5 Ke6 49. Kd2 Kd7 50. Kd3 Ke7 51. Kc4 Ke6 52. d5+ cxd5+ 53. Kd4 Kd7 54.
Kxd5 Kd8 55. Kc4 1-0

[Event "Open Portugal 2019"]
[Site "Lisboa POR"]
[Date "2019.02.08"]
[Round "8.84"]
[White "Costa, Américo"]
[Black "Pipiras, Filipa"]
[Result "0-1"]
[WhiteElo "1755"]
[BlackElo "1964"]
[WhiteFideId "1903373"]
[BlackFideId "1944894"]
[WhiteCountry "POR"]
[BlackCountry "POR"]
[PlyCount "102"]
[EventDate "2019.02.02"]

1. f4 d5 2. d4 Nf6 3. Nf3 Bf5 4. e3 e6 5. Bd3 Bxd3 6. Qxd3 a6 7. O-O Bd6 8. Nbd2
O-O 9. Ne5 c5 10. c3 b5 11. Rf3 Nbd7 12. Rh3 g6 13. e4 dxe4 14. Nxe4 Nxe4 15.
Nxd7 Nf2 16. Kxf2 Qxd7 17. Be3 Qc7 18. Rf3 Rad8 19. Qe4 Rfe8 20. Rc1 cxd4 21.
cxd4 Qa5 22. a3 Bf8 23. Ke2 Bg7 24. Bf2 b4 25. Rc5 Qa4 26. Rd3 bxa3 27. bxa3 Rd5
28. Kf3 Qd7 29. Rc4 h5 30. h3 a5 31. a4 Rd6 32. Be1 Rd5 33. Bc3 Rd8 34. Ke2 Qa7
35. Rc5 Rxc5 36. dxc5 Rxd3 37. Qxd3 Qxc5 38. Bxg7 Kxg7 39. Qb5 Qc3 40. g4 Qxh3
41. Qxa5 Qxg4+ 42. Ke1 Qxf4 43. Qc3+ Kh7 44. a5 h4 45. a6 Qa4 46. Qc8 h3 47. Qb7
h2 48. Qxf7+ Kh6 49. Qf8+ Kg5 50. Qd8+ Kg4 51. Qa8 Qa1+ 0-1

[Event "Open Portugal 2019"]
[Site "Lisboa POR"]
[Date "2019.02.08"]
[Round "8.85"]
[White "Barbier, Astrid"]
[Black "Fielding, Michael"]
[Result "1-0"]
[WhiteElo "1945"]
[BlackElo "1791"]
[WhiteFideId "200395"]
[BlackFideId "447269"]
[WhiteCountry "BEL"]
[BlackCountry "ENG"]
[PlyCount "129"]
[EventDate "2019.02.02"]

1. e4 g6 2. d4 Bg7 3. Nc3 d6 4. Nf3 a6 5. Bd3 b5 6. Ne2 Bb7 7. O-O Nd7 8. Ng3 c5
9. c3 Ngf6 10. Re1 c4 11. Bc2 O-O 12. Bd2 Qc7 13. h3 e6 14. Qc1 e5 15. d5 Nc5
16. Bh6 a5 17. h4 Ne8 18. h5 f6 19. hxg6 hxg6 20. Nh4 Qf7 21. Bxg7 Qxg7 22. Ne2
Kf7 23. b4 cxb3 24. axb3 Nd7 25. g3 Nc7 26. Kg2 Rh8 27. Rh1 b4 28. Qd2 bxc3 29.
Nxc3 Nc5 30. Na4 Nd7 31. Bd3 Ba6 32. Bxa6 Rxa6 33. Qd3 Ra7 34. Rac1 Na6 35. Qe3
Ndc5 36. Nxc5 Nxc5 37. Rxc5 dxc5 38. Qxc5 Rha8 39. Ra1 Qf8 40. Qb6 Ra6 41. Qc7+
Qe7 42. Qxe7+ Kxe7 43. Nxg6+ Kd6 44. Kf3 Rb8 45. Ra3 Rc8 46. Kg4 Kc5 47. Ne7
Rca8 48. Nc6 a4 49. bxa4 Rxa4 50. Rxa4 Rxa4 51. Kf5 Kd6 52. f4 exf4 53. gxf4 Rc4
54. Nd8 Ke7 55. Ne6 Kf7 56. e5 fxe5 57. fxe5 Ke7 58. d6+ Kd7 59. Nc7 Rc5 60. Kf6
Rc6 61. Nb5 Rb6 62. e6+ Kd8 63. Kf7 Rb8 64. Nd4 Rb6 65. e7+ 1-0

[Event "Open Portugal 2019"]
[Site "Lisboa POR"]
[Date "2019.02.08"]
[Round "8.86"]
[White "Ladisic, Alex-Sacha"]
[Black "Lohia, Sohum"]
[Result "1-0"]
[WhiteElo "1934"]
[BlackElo "1727"]
[WhiteFideId "610631"]
[BlackFideId "5819369"]
[WhiteCountry "FRA"]
[BlackCountry "ENG"]
[PlyCount "53"]
[EventDate "2019.02.02"]

1. e4 e5 2. Nf3 d6 3. d4 exd4 4. Nxd4 Nf6 5. Nc3 g6 6. Be2 Bg7 7. O-O O-O 8. f4
Re8 9. Bf3 Bg4 10. Nb3 Bxf3 11. Qxf3 Nc6 12. Bd2 a5 13. a4 Nb4 14. Rac1 Qd7 15.
h3 Re7 16. Rfe1 Rae8 17. Nxa5 Na6 18. Re2 Nc5 19. Rce1 Ra8 20. b4 Nxa4 21. Nxa4
Qxa4 22. e5 dxe5 23. fxe5 Nd7 24. Qxb7 Rae8 25. e6 Bd4+ 26. Kh2 fxe6 27. Nc6 1-0

[Event "Open Portugal 2019"]
[Site "Lisboa POR"]
[Date "2019.02.08"]
[Round "8.87"]
[White "Silva, Tiago Alexandre"]
[Black "Moretti, Filippo"]
[Result "1/2-1/2"]
[WhiteElo "1750"]
[BlackElo "1928"]
[WhiteFideId "1935321"]
[BlackFideId "2805001"]
[WhiteCountry "POR"]
[BlackCountry "ITA"]
[PlyCount "92"]
[EventDate "2019.02.02"]

1. e4 c5 2. c4 Nc6 3. Nc3 g6 4. g3 Bg7 5. Bg2 d6 6. Nge2 Bd7 7. d3 Nf6 8. a3 O-O
9. O-O a6 10. Rb1 Rb8 11. b4 cxb4 12. axb4 b5 13. cxb5 axb5 14. d4 Qc7 15. h3
Rfc8 16. Qb3 Nxd4 17. Nxd4 Qxc3 18. Qxc3 Rxc3 19. Be3 Ne8 20. Rfc1 Rbc8 21. Rxc3
Rxc3 22. Bf1 Bxd4 23. Bxd4 Rc8 24. Ra1 f6 25. Ra5 Rc1 26. Ra1 Rxa1 27. Bxa1 Nc7
28. f4 Bc6 29. Bd3 d5 30. e5 Na6 31. Bc3 fxe5 32. fxe5 Kf7 33. Kf2 Nc7 34. Ke3
h6 35. h4 Ne6 36. Bd4 g5 37. Bf5 Nxd4 38. Kxd4 e6 39. Bd3 gxh4 40. gxh4 Ke7 41.
Be2 Be8 42. Bd3 Bd7 43. Bf1 Be8 44. Bd3 Bd7 45. Bf1 Be8 46. Bd3 Bd7 1/2-1/2

[Event "Open Portugal 2019"]
[Site "Lisboa POR"]
[Date "2019.02.08"]
[Round "8.88"]
[White "Woithe, Daniel"]
[Black "Bártolo, Filipe"]
[Result "1-0"]
[WhiteElo "1921"]
[BlackElo "1666"]
[WhiteFideId "16244648"]
[BlackFideId "1942565"]
[WhiteCountry "GER"]
[BlackCountry "POR"]
[PlyCount "51"]
[EventDate "2019.02.02"]

1. e4 c5 2. c3 Nc6 3. d4 cxd4 4. cxd4 d5 5. exd5 Qxd5 6. Nf3 Bg4 7. Nc3 Qd7 8.
d5 Bxf3 9. gxf3 Rd8 10. dxc6 Qe6+ 11. Qe2 Qxc6 12. Qe4 Nf6 13. Qxc6+ bxc6 14.
Be3 Rd7 15. Bc4 e6 16. Ke2 Bb4 17. Rad1 Rb7 18. Bd4 Ke7 19. a3 Ba5 20. Ne4 Ne8
21. Bc5+ Nd6 22. Bxd6+ Ke8 23. b4 Bd8 24. Bc5 Bc7 25. Nd6+ Bxd6 26. Rxd6 1-0

[Event "Open Portugal 2019"]
[Site "Lisboa POR"]
[Date "2019.02.08"]
[Round "8.89"]
[White "Godinho, João Quintas"]
[Black "Casagrande, Federico"]
[Result "0-1"]
[WhiteElo "1719"]
[BlackElo "1911"]
[WhiteFideId "1909193"]
[BlackFideId "2827137"]
[WhiteCountry "POR"]
[BlackCountry "ITA"]
[PlyCount "78"]
[EventDate "2019.02.02"]

1. d4 Nf6 2. c4 e6 3. Nf3 Bb4+ 4. Bd2 a5 5. a3 Be7 6. Nc3 d5 7. Rc1 O-O 8. e3
Nbd7 9. c5 c6 10. Bd3 e5 11. Nxe5 Nxe5 12. dxe5 Ng4 13. Na4 f6 14. exf6 Rxf6 15.
f4 Rh6 16. Nb6 Bh4+ 17. g3 Nxh2 18. Bc3 Bxg3+ 19. Kd2 Bg4 20. Be2 Bxe2 21. Qxe2
Rb8 22. Rcg1 Qh4 23. Rxh2 Qxh2 24. Rg2 Qh3 25. Bxa5 Re8 26. Bc3 Rg6 27. Kc2 Rxe3
28. Qxe3 Qxg2+ 29. Kb3 Qe4 30. Qg1 Bxf4 31. Qd1 Be3 32. Qf1 d4 33. Bb4 Rf6 34.
Qd1 Qf3 35. Qb1 Bd2+ 36. Ka4 Bxb4 37. axb4 h5 38. Nd7 Re6 39. Qg6 Rxg6 0-1

[Event "Open Portugal 2019"]
[Site "Lisboa POR"]
[Date "2019.02.08"]
[Round "8.90"]
[White "Avelino, Camila"]
[Black "Gentes Benito, Ángel"]
[Result "1-0"]
[WhiteElo "1689"]
[BlackElo "1907"]
[WhiteFideId "1938975"]
[BlackFideId "2225549"]
[WhiteCountry "POR"]
[BlackCountry "ESP"]
[PlyCount "113"]
[EventDate "2019.02.02"]

1. e4 c5 2. Nf3 e6 3. d4 cxd4 4. Nxd4 a6 5. Nc3 Qc7 6. Be3 Bb4 7. Qd3 Nf6 8. Bd2
Nc6 9. Nxc6 bxc6 10. Be2 O-O 11. O-O Rb8 12. Rab1 d5 13. exd5 cxd5 14. Bf3 Rd8
15. g3 Be7 16. Rfe1 h6 17. Bf4 Bd6 18. Bxd6 Qxd6 19. Red1 a5 20. Qd2 Ba6 21. Ne4
Nxe4 22. Bxe4 Qc5 23. Bd3 Bxd3 24. Qxd3 Rdc8 25. c3 a4 26. Rdc1 g6 27. b3 Ra8
28. b4 Qc4 29. Qxc4 Rxc4 30. Kf1 Rac8 31. Ke2 Rxc3 32. Rxc3 Rxc3 33. b5 Rc7 34.
Kd3 Kf8 35. b6 Rb7 36. Kd4 Ke7 37. Kc5 Kd7 38. Kb5 Rb8 39. Ka6 Ra8+ 40. Kb5 a3
41. b7 Rb8 42. Ka6 e5 43. Ka7 Rd8 44. b8=Q Rxb8 45. Kxb8 d4 46. Kb7 Kd6 47. Kb6
Kd5 48. Kb5 f5 49. Kb4 e4 50. Kxa3 Kc4 51. Kb2 d3 52. Kc1 g5 53. a4 f4 54. gxf4
gxf4 55. a5 e3 56. fxe3 fxe3 57. Rb8 1-0

[Event "Open Portugal 2019"]
[Site "Lisboa POR"]
[Date "2019.02.08"]
[Round "8.91"]
[White "Guia, Artur"]
[Black "Morais, Vítor"]
[Result "1/2-1/2"]
[WhiteElo "1686"]
[BlackElo "1898"]
[WhiteFideId "1946781"]
[BlackFideId "1900552"]
[BlackTitle "NM"]
[WhiteCountry "POR"]
[BlackCountry "POR"]
[PlyCount "51"]
[EventDate "2019.02.02"]

1. d4 Nf6 2. Bg5 e6 3. e4 Be7 4. Nd2 b6 5. Ngf3 Bb7 6. Bd3 Nc6 7. c3 h6 8. Bf4
g5 9. Bg3 Nh5 10. Ne5 Nxg3 11. Nxc6 Bxc6 12. fxg3 Bf6 13. O-O Bg7 14. Qh5 Qe7
15. e5 O-O 16. Ne4 Bxe4 17. Bxe4 Rad8 18. Rf2 d6 19. exd6 Rxd6 20. g4 c5 21.
dxc5 bxc5 22. Raf1 c4 23. g3 Rb6 24. Kh1 Rd6 25. Kg1 Rb6 26. Kh1 1/2-1/2

[Event "Open Portugal 2019"]
[Site "Lisboa POR"]
[Date "2019.02.08"]
[Round "8.92"]
[White "Nikula, Mikko"]
[Black "Marques, Afonso"]
[Result "1-0"]
[WhiteElo "1889"]
[BlackElo "1662"]
[WhiteFideId "505277"]
[BlackFideId "1947184"]
[WhiteCountry "FIN"]
[BlackCountry "POR"]
[PlyCount "93"]
[EventDate "2019.02.02"]

1. e4 e5 2. d4 exd4 3. Qxd4 Nc6 4. Qe3 d6 5. Nc3 Nf6 6. Bd2 Be6 7. O-O-O Be7 8.
Qg3 Nh5 9. Qf3 Nf6 10. h3 Qd7 11. Bf4 O-O-O 12. e5 Ne8 13. exd6 Bxd6 14. Bb5
Bxf4+ 15. Qxf4 Qe7 16. Bxc6 bxc6 17. Rxd8+ Qxd8 18. Nf3 Qd6 19. Qd4 Nf6 20. Qxa7
Rd8 21. Rd1 Qf4+ 22. Qe3 Rxd1+ 23. Kxd1 Qd6+ 24. Qd4 Nd5 25. Kc1 c5 26. Qe5 Qxe5
27. Nxe5 Nxc3 28. bxc3 Bxa2 29. c4 f6 30. Kb2 fxe5 31. Kxa2 Kd7 32. Kb3 Ke6 33.
Ka4 e4 34. Kb5 Kd6 35. g3 g6 36. h4 h5 37. c3 Ke5 38. Kxc5 Kf5 39. Kd4 c6 40. c5
e3 41. Kxe3 Kg4 42. Ke4 Kh3 43. Kf3 Kh2 44. Kf4 Kg2 45. Kg5 Kxf2 46. Kxg6 Kxg3
47. Kxh5 1-0

[Event "Open Portugal 2019"]
[Site "Lisboa POR"]
[Date "2019.02.08"]
[Round "8.93"]
[White "Alves, Fernando"]
[Black "Fanha, Paulo"]
[Result "1/2-1/2"]
[WhiteElo "1651"]
[BlackElo "1884"]
[WhiteFideId "1905678"]
[BlackFideId "1902148"]
[BlackTitle "CM"]
[WhiteCountry "POR"]
[BlackCountry "POR"]
[PlyCount "54"]
[EventDate "2019.02.02"]

1. e4 c5 2. c4 Nc6 3. Nc3 g6 4. Nf3 Bg7 5. d3 d6 6. Be3 Bg4 7. h3 Bxf3 8. Qxf3
Nf6 9. Qd1 O-O 10. Qd2 Nd4 11. Be2 e6 12. O-O Qa5 13. f4 Nxe2+ 14. Qxe2 Nh5 15.
Qd2 Bd4 16. Qe1 a6 17. Rf3 f5 18. exf5 Bxc3 19. bxc3 exf5 20. Bd2 Rae8 21. Re3
Qa4 22. Re7 Qc6 23. Qe6+ Kh8 24. Rb1 Ng7 25. Qd7 Qxd7 26. Rxd7 Re2 27. Rd1 b5
1/2-1/2

[Event "Open Portugal 2019"]
[Site "Lisboa POR"]
[Date "2019.02.08"]
[Round "8.94"]
[White "Pina, Tiago"]
[Black "Newton, Andrew"]
[Result "0-1"]
[WhiteElo "1507"]
[BlackElo "1883"]
[WhiteFideId "1950673"]
[BlackFideId "2403285"]
[WhiteCountry "POR"]
[BlackCountry "SCO"]
[PlyCount "68"]
[EventDate "2019.02.02"]

1. e4 e5 2. Nf3 Nc6 3. d4 exd4 4. Bc4 Nf6 5. O-O Nxe4 6. Re1 d5 7. Bxd5 Qxd5 8.
Nc3 Qd7 9. Nxe4 Be7 10. Bg5 O-O 11. Bxe7 Nxe7 12. Nxd4 Nf5 13. Nxf5 Qxf5 14. c4
b6 15. b4 Bb7 16. Ng3 Qf4 17. Qc2 Rad8 18. Rad1 g6 19. a3 h5 20. Rxd8 Rxd8 21.
Qc1 Qxc1 22. Rxc1 Rd3 23. f3 Rxa3 24. Rd1 Rc3 25. Rd4 a6 26. Ne2 Rc2 27. Kf2 Bc6
28. Ke3 Rb2 29. c5 bxc5 30. bxc5 Bb5 31. Nf4 c6 32. h4 Rc2 33. Rd8+ Kg7 34. Ne6+
fxe6 0-1

[Event "Open Portugal 2019"]
[Site "Lisboa POR"]
[Date "2019.02.08"]
[Round "8.96"]
[White "Hansen, Verner"]
[Black "Haynes, Noah"]
[Result "0-1"]
[WhiteElo "1874"]
[BlackElo "1658"]
[WhiteFideId "1425285"]
[BlackFideId "1543172"]
[WhiteCountry "DEN"]
[BlackCountry "NOR"]
[PlyCount "92"]
[EventDate "2019.02.02"]

1. e4 c5 2. Nc3 Nc6 3. d3 g6 4. g3 Bg7 5. Bg2 d6 6. f4 e5 7. Nf3 Nge7 8. O-O O-O
9. Rb1 Nd4 10. Ne2 Bg4 11. c3 Nxf3+ 12. Bxf3 Bxf3 13. Rxf3 d5 14. Qf1 f5 15.
fxe5 dxe4 16. dxe4 fxe4 17. Rxf8+ Qxf8 18. Qf4 Qf5 19. Be3 b6 20. Rd1 Bxe5 21.
Qxf5 gxf5 22. Rd7 Kf7 23. Bg5 Bf6 24. Bf4 Ke6 25. Rd6+ Kf7 26. h3 h5 27. Kf2 Ng6
28. Ke3 Rd8 29. Rc6 Rd3+ 30. Kf2 Rd7 31. Rc7 Rxc7 32. Bxc7 Be5 33. Bd8 Ke6 34.
Ke3 Kd5 35. Nf4+ Nxf4 36. gxf4 Bg7 37. Bc7 b5 38. Ba5 b4 39. Kd2 bxc3+ 40. bxc3
Kc4 41. Bc7 Bxc3+ 42. Ke2 Bd4 43. a4 a6 44. a5 Kb3 45. Be5 Bc3 46. h4 Bxa5 0-1

[Event "Open Portugal 2019"]
[Site "Lisboa POR"]
[Date "2019.02.08"]
[Round "8.97"]
[White "Quintino, Luís"]
[Black "Oliveira, Fernando Alves"]
[Result "1-0"]
[WhiteElo "1868"]
[BlackElo "1575"]
[WhiteFideId "1904086"]
[BlackFideId "1947869"]
[WhiteCountry "POR"]
[BlackCountry "POR"]
[PlyCount "39"]
[EventDate "2019.02.02"]

1. d4 d5 2. Nc3 Bg4 3. f3 Bc8 4. e4 e6 5. Bf4 a6 6. exd5 exd5 7. Bd3 Bd6 8. Nxd5
c6 9. Qe2+ Be6 10. Bxd6 Qxd6 11. Nc3 Qxd4 12. O-O-O Ne7 13. Kb1 Qb4 14. a3 Qf4
15. Nh3 Qc7 16. Ng5 Qc8 17. Rhe1 Nd5 18. Nxd5 cxd5 19. Nxe6 fxe6 20. Bf5 1-0

[Event "Open Portugal 2019"]
[Site "Lisboa POR"]
[Date "2019.02.08"]
[Round "8.98"]
[White "Cavaleiro, Daniel"]
[Black "Dias, José"]
[Result "1-0"]
[WhiteElo "2001"]
[BlackElo "1560"]
[WhiteFideId "1904663"]
[BlackFideId "1923943"]
[WhiteCountry "POR"]
[BlackCountry "POR"]
[PlyCount "71"]
[EventDate "2019.02.02"]

1. d4 f5 2. c4 Nf6 3. g3 e6 4. Bg2 c6 5. Nh3 d5 6. Qc2 Be7 7. O-O O-O 8. Nd2 Qe8
9. Nf3 h6 10. cxd5 exd5 11. Ne5 Ne4 12. f3 Nd6 13. Nf4 Bd8 14. a4 a5 15. e3 g5
16. Nfd3 Rf6 17. Bd2 Nf7 18. Kh1 Nd7 19. Bc3 b6 20. Rfe1 Ba6 21. e4 fxe4 22.
fxe4 Rc8 23. exd5 Nfxe5 24. dxe5 Bxd3 25. Qxd3 Rf2 26. dxc6 Nc5 27. Bd5+ Kh8 28.
Qe3 Qf8 29. e6+ Kh7 30. e7 Bxe7 31. Qxe7+ Qxe7 32. Rxe7+ Kg6 33. Rg7+ Kh5 34.
Bd4 Rff8 35. Bxc5 bxc5 36. Bf7+ 1-0

[Event "Open Portugal 2019"]
[Site "Lisboa POR"]
[Date "2019.02.08"]
[Round "8.99"]
[White "Calzada Cruz, Osvaldo"]
[Black "Thibault, Pierre-Olivier"]
[Result "0-1"]
[WhiteElo "1754"]
[BlackElo "1994"]
[WhiteFideId "3509460"]
[BlackFideId "20606184"]
[WhiteCountry "CUB"]
[BlackCountry "FRA"]
[PlyCount "56"]
[EventDate "2019.02.02"]

1. e4 d6 2. d4 Nf6 3. Nc3 e5 4. dxe5 dxe5 5. Qxd8+ Kxd8 6. Nf3 Bd6 7. Bg5 c6 8.
O-O-O Kc7 9. Bc4 b5 10. Bxb5 Be6 11. Bxf6 gxf6 12. Ba4 Bc5 13. Rd2 Rg8 14. Nh4
Nd7 15. Bb3 Nb6 16. g3 Bb4 17. a3 Bxc3 18. bxc3 Nd7 19. Nf5 Nc5 20. Bxe6 fxe6
21. Nd6 Rab8 22. f3 Rb6 23. Rdd1 Ra6 24. f4 exf4 25. gxf4 Rxa3 26. e5 Na4 27.
Kd2 Rg2+ 28. Ke1 Nxc3 0-1

[Event "Open Portugal 2019"]
[Site "Lisboa POR"]
[Date "2019.02.08"]
[Round "8.100"]
[White "Rionda Medio, Ángel"]
[Black "Haisma, Henk"]
[Result "1-0"]
[WhiteElo "1992"]
[BlackElo "1727"]
[WhiteFideId "2238934"]
[BlackFideId "1038486"]
[WhiteCountry "ESP"]
[BlackCountry "NED"]
[PlyCount "69"]
[EventDate "2019.02.02"]

1. e4 c5 2. Nc3 Nc6 3. g3 Nf6 4. Bg2 e5 5. d3 Be7 6. h3 d6 7. Be3 Be6 8. Nge2 a6
9. f4 g6 10. g4 Bxg4 11. hxg4 Nxg4 12. Bg1 Bh4+ 13. Kf1 h5 14. Nd5 Ne7 15. Rxh4
Nxd5 16. Rxg4 hxg4 17. exd5 Qf6 18. Qd2 O-O-O 19. Ke1 Rde8 20. Be4 g3 21. Kd1
Qh4 22. fxe5 Rxe5 23. Qf4 f5 24. Qxh4 Rxh4 25. Bg2 f4 26. Kd2 g5 27. Rf1 Re7 28.
Nc3 Kc7 29. Ne4 Re5 30. c4 b6 31. Kc3 Re7 32. Nxg5 Re2 33. Ne6+ Kd7 34. Nxf4
Rxf4 35. Bh3+ 1-0

[Event "Open Portugal 2019"]
[Site "Lisboa POR"]
[Date "2019.02.08"]
[Round "8.101"]
[White "Archambault, Serge"]
[Black "Cabaça, André"]
[Result "0-1"]
[WhiteElo "1959"]
[BlackElo "1705"]
[WhiteFideId "2604108"]
[BlackFideId "1923552"]
[WhiteCountry "CAN"]
[BlackCountry "POR"]
[PlyCount "58"]
[EventDate "2019.02.02"]

1. d4 Nf6 2. c4 g6 3. Nc3 Bg7 4. e4 d6 5. Be2 O-O 6. Be3 e5 7. dxe5 dxe5 8. Qxd8
Rxd8 9. f3 Be6 10. Nd5 Na6 11. a3 c6 12. Nxf6+ Bxf6 13. h4 Be7 14. b4 Nc7 15. g3
b5 16. c5 a5 17. Rb1 axb4 18. axb4 Ra2 19. Nh3 Na6 20. Nf2 f5 21. Bd1 Bc4 22. f4
exf4 23. gxf4 fxe4 24. h5 Bd3 25. Nxd3 Rxd3 26. Bc1 Rg2 27. hxg6 hxg6 28. Kf1
Rgg3 29. Kf2 Nxb4 0-1

[Event "Open Portugal 2019"]
[Site "Lisboa POR"]
[Date "2019.02.08"]
[Round "8.102"]
[White "Mendes, Alberto"]
[Black "Takvorian, Richard"]
[Result "1-0"]
[WhiteElo "1635"]
[BlackElo "1898"]
[WhiteFideId "1901699"]
[BlackFideId "663646"]
[WhiteCountry "POR"]
[BlackCountry "FRA"]
[PlyCount "76"]
[EventDate "2019.02.02"]

1. e4 c5 2. Nc3 Nc6 3. g3 Nf6 4. Bg2 e6 5. Nge2 d5 6. exd5 exd5 7. d4 c4 8. O-O
h6 9. h3 Be7 10. Be3 O-O 11. b3 cxb3 12. axb3 Be6 13. Kh2 Qd7 14. Ng1 Rac8 15.
Nce2 b5 16. Bd2 Ne4 17. Be1 b4 18. f3 Nd6 19. h4 Nf5 20. Bf2 Qc7 21. f4 g5 22.
hxg5 hxg5 23. Nf3 f6 24. Rh1 Kg7 25. Kg1 Rh8 26. Rxh8 Rxh8 27. fxg5 fxg5 28. Qd2
Kg6 29. Qd3 Kg7 30. Qd2 Qd8 31. Ra6 Qc8 32. Qd3 Nd6 33. Rxc6 Qxc6 34. Ne5 Qc8
35. g4 Bf6 36. Bg3 Bxe5 37. Bxe5+ Kf7 38. Qf3+ Ke7 1-0

[Event "Open Portugal 2019"]
[Site "Lisboa POR"]
[Date "2019.02.08"]
[Round "8.103"]
[White "Morejko, Wojciech"]
[Black "Barrento, Jorge"]
[Result "1/2-1/2"]
[WhiteElo "1879"]
[BlackElo "1701"]
[WhiteFideId "16247582"]
[BlackFideId "1906500"]
[WhiteCountry "GER"]
[BlackCountry "POR"]
[PlyCount "51"]
[EventDate "2019.02.02"]

1. c4 e5 2. Nc3 Nc6 3. g3 Nf6 4. Bg2 Bb4 5. d3 O-O 6. Nf3 e4 7. dxe4 Nxe4 8. Qc2
Nxc3 9. bxc3 Be7 10. O-O Bf6 11. Rd1 Re8 12. Rb1 Qe7 13. e3 d6 14. Nd4 Nxd4 15.
cxd4 Rb8 16. Ba3 c5 17. dxc5 dxc5 18. Qa4 Bg4 19. Rdc1 b6 20. Bb2 Bxb2 21. Rxb2
Red8 22. Qc2 g6 23. a4 Rd6 24. a5 Rbd8 25. axb6 axb6 26. h3 1/2-1/2